01555nam a2200361 a 4500001001200000003000800012006001900020007001500039008004100054020001800095020001800113040002100131035002100152043001200173050002500185100002000210245011500230250001400345260005400359300001100413490003500424504005400459505020200513533015200715650003500867650003200902650003200934655002900966710001700995830003601012856012601048999001901174ebr10308926CaPaEBRm u cr cn|||||||||091006s2008 ncu sb 000 0 eng d z9780979107986 z9780982336144 aCaPaEBRcCaPaEBR a(OCoLC)506071763 aa-ko---14aRA395.K6bW66 2008eb1 aWoodman, Josef.10aPatients beyond bordersh[electronic resource] :beverybody's guide to affordable, world-class medical travel. aKorea ed. aChapel Hill, N.C. :bHealthy Travel Media,c2008. a193 p.1 aPatients beyond borders series aIncludes bibliographical references (p. 183-187).0 apt. 1. Reminders for the savvy, informed medical traveler -- pt. 2. "Land of the morning calm": a world-class healthcare destination -- pt. 3. Traveling in Korea -- pt. 4. Resources and references. aElectronic reproduction.bPalo Alto, Calif. :cebrary,d2013.nAvailable via World Wide Web.nAccess may be limited to ebrary affiliated libraries. 0aMedical tourismzKorea (South) 0aMedical carezKorea (South) 0aMedical carexCost control. 7aElectronic books.2local2 aebrary, Inc. 0aPatients beyond borders series.40uhttp://site.ebrary.com/lib/rucke/Doc?id=10308926zAn electronic book accessible through the World Wide Web; click to view c175388d175388